Truman
Saved in:
| Main Author: | |
|---|---|
| Format: | Book |
| Language: | Undetermined |
| Published: |
New York
A Touchstone Book
1992
|
| Subjects: | |
| Tags: |
Add Tag
No Tags, Be the first to tag this record!
|
| Institutions: | Trung tâm Học liệu Trường Đại học Cần Thơ |
|---|
| LEADER | 00505nam a2200205Ia 4500 | ||
|---|---|---|---|
| 001 | CTU_86037 | ||
| 008 | 210402s9999 xx 000 0 und d | ||
| 082 | |a 973.918 | ||
| 082 | |b M478 | ||
| 100 | |a McCullough, David | ||
| 245 | 0 | |a Truman | |
| 245 | 0 | |c David McCullough | |
| 260 | |a New York | ||
| 260 | |b A Touchstone Book | ||
| 260 | |c 1992 | ||
| 650 | |a Presidents | ||
| 650 | |x Biography | ||
| 650 | |z United states | ||
| 904 | |i Trúc | ||
| 980 | |a Trung tâm Học liệu Trường Đại học Cần Thơ | ||